Krysař a jiné prózy /

Uložené v:
Podrobná bibliografia
Hlavný autor: Dyk, Viktor, 1877-1931 (Author)
Médium: Kniha
Jazyk:Czech
Vydané: Praha : Nakladatelství krásné literatury, hudby a umění, 1957.
Vydanie:1. vyd.
Edícia:Světová četba (Nakladatelství krásné literatury, hudby a umění) sv. 135
ISBN: (brož.)
Fyzický popis: 226 s.
Tagy: Pridať tag
Žiadne tagy, Buďte prvý kto otaguje tento záznam!

MARC

LEADER 00000nam a2200000 a 4500
001 000425413
005 20130703192548.0
008 090821s1957 xr e 000 cze d
020 |a (brož.)  |c Kčs 4,52 
040 |a SVKKK  |b slo  |c SVKKK  |e AACR2 
041 0 |a cze 
044 |a xr  |c CZ 
100 1 |a Dyk, Viktor,  |d 1877-1931  |4 aut 
245 1 0 |a Krysař a jiné prózy /  |c Viktor Dyk. 
250 |a 1. vyd. 
260 |a Praha :  |b Nakladatelství krásné literatury, hudby a umění,  |c 1957. 
300 |a 226 s. 
490 1 |a Světová četba  |v sv. 135 
740 0 2 |a Stud 
740 0 2 |a Smrt Panenky 
740 0 2 |a Medailónek 
740 0 2 |a Deštivý den 
740 0 2 |a Klíč 
830 0 |a Světová četba (Nakladatelství krásné literatury, hudby a umění)  |v sv. 135 
910 |a svkkk 
998 |a BK 
090 |g SCKHL  |k Sklad Pribinova prízemie  |a I.10501  |j 140335  |i 2720378791  |s Prezenčne 
090 |g SCKHL  |k Sklad Pribinova prízemie  |a I.9579  |j 138098  |i 2720386913  |s Prezenčne